| 000 | 01351nam a2200241Ia 4500 | ||
|---|---|---|---|
| 999 |
_c52639 _d52639 |
||
| 001 | 19663 | ||
| 003 | GE_BSU | ||
| 005 | 20200315214137.0 | ||
| 008 | 181216s2016||||ge |||||||||||||| ||geo|| | ||
| 020 | _a9789941088353 | ||
| 040 | _cGE_BSU | ||
| 041 | _ageo | ||
| 080 | _a343.9 ბ-36 | ||
| 100 |
_aბაძაღუა, მალხაზ _97747 |
||
| 245 |
_aკრიმინოლოგიის ზირითად ტერმინთა განმარტებები ინგლისური და რუსული შესატყვისობით / _cმალხაზ ბაძაღუა ; სარედ. კოლეგია მამუკა თავხელიძე, ოთარ გამყრელიძე, გიორგი თოდრია და სხვ. |
||
| 264 |
_aთბილისი : _bსაქართველო, _c2016. |
||
| 300 |
_a78 გვ, ; _c19 სმ. |
||
| 504 | _aბიბლიოგრაფია გვ.71-75 | ||
| 653 | _aკრიმინოლოგია | ||
| 653 | _aკრიმინოლოგიის ზირითად ტერმინთა განმარტებები ინგლისური და რუსული შესატყვისობით | ||
| 653 | _aსამართალი | ||
| 942 |
_cBK _2udc |
||